[Event "Stockholm op"]
[Site "Stockholm"]
[Date "2014.05.31"]
[Round "7"]
[White "Pilstrom, Bjorn"]
[Black "Dufour, Jacques"]
[Result "0-1"]
[WhiteElo "1677"]
[BlackElo "1664"]
[PlyCount "82"]
[EventDate "2014.05.28"]
[EventType "swiss"]
[EventRounds "9"]
[EventCountry "SWE"]
[SourceTitle "CBM 160 Extra"]
[Source "ChessBase"]
[SourceDate "2014.07.01"]
[SourceVersion "1"]
[SourceVersionDate "2014.07.01"]
[SourceQuality "1"]

1. d4 Nf6 2. Bf4 c5 3. e3 cxd4 4. exd4 d5 5. Nf3 Nc6 6. c3 Bg4 7. h3 Bh5 8. Be2 e6 9. Nbd2 Bd6 10. Ne5 Bxe2 11. Qxe2 0-0 12. Ndf3 Qc7 13. Qe3 b5 14. g4 b4 15. Ke2 bxc3 16. Qxc3 Rfc8 17. Qe3 Qb6 18. Nd3 Bxf4 19. Qxf4 Nb4 20. Nfe1 Nc2 21. Nxc2 Rxc2+ 22. Ke3 Rac8 23. Kf3 Ne4 24. Qe3 Nd2+ 25. Kg3 Nc4 26. Qf4 Nxb2 27. Ne5 f6 28. Nd7 Qb5 29. Nc5 Nd3 30. Qe3 Nxc5 31. dxc5 e5 32. c6 d4 33. Qe4 Re2 34. Qb1 Rb2 35. Qe4 Rxc6 36. Rab1 Rxb1 37. Rxb1 Rc3+ 38. f3 Qc6 39. Qe2 e4 40. Rf1 Qc7+ 41. Kg2 Rc2 0-1

[Event "Stockholm op"]
[Site "Stockholm"]
[Date "2014.05.30"]
[Round "6"]
[White "Sandberg, Filip"]
[Black "Pilstrom, Bjorn"]
[Result "1-0"]
[WhiteElo "1404"]
[BlackElo "1677"]
[PlyCount "91"]
[EventDate "2014.05.28"]
[EventType "swiss"]
[EventRounds "9"]
[EventCountry "SWE"]
[SourceTitle "CBM 160 Extra"]
[Source "ChessBase"]
[SourceDate "2014.07.01"]
[SourceVersion "1"]
[SourceVersionDate "2014.07.01"]
[SourceQuality "1"]

1. e4 d5 2. exd5 Nf6 3. Nc3 Nxd5 4. Nxd5 Qxd5 5. Nf3 Nc6 6. Qe2 Bf5 7. d3 Nb4 8. a3 Bxd3 9. cxd3 Nxd3+ 10. Qxd3 Qc6 11. Qb5 Qxb5 12. Bxb5+ c6 13. Be2 e6 14. 0-0 Bd6 15. Rd1 Bc7 16. Rd3 0-0 17. Be3 b6 18. Rad1 h6 19. Rc3 c5 20. b4 Rac8 21. bxc5 f6 22. Rdc1 Rb8 23. cxb6 Bxb6 24. Bxb6 Rxb6 25. h3 Rd8 26. Rc8 Rbd6 27. Rxd8+ Rxd8 28. Ba6 Kh7 29. Rc7 Rd1+ 30. Kh2 Ra1 31. Rc3 h5 32. Bd3+ Kh6 33. Nd4 Ra2 34. f3 e5 35. Nf5+ Kg6 36. Nd4+ Kg5 37. Nb5 a5 38. Rc7 g6 39. Rg7 f5 40. Ra7 Kf4 41. Rxa5 e4 42. fxe4 fxe4 43. Ra4 Ke3 44. Bxe4 g5 45. Ra8 Kxe4 46. Nc3+ 1-0

[Event "Stockholm op"]
[Site "Stockholm"]
[Date "2014.05.29"]
[Round "3"]
[White "Pilstrom, Carl Oscar"]
[Black "Pilstrom, Bjorn"]
[Result "0-1"]
[WhiteElo "1498"]
[BlackElo "1677"]
[PlyCount "106"]
[EventDate "2014.05.28"]
[EventType "swiss"]
[EventRounds "9"]
[EventCountry "SWE"]
[SourceTitle "CBM 160 Extra"]
[Source "ChessBase"]
[SourceDate "2014.07.01"]
[SourceVersion "1"]
[SourceVersionDate "2014.07.01"]
[SourceQuality "1"]

1. d4 d5 2. c4 c6 3. Nc3 Bf5 4. Bf4 e6 5. Nf3 Bd6 6. Bg3 Nf6 7. e3 Bc7 8. Bd3 Bg6 9. Ne5 Nbd7 10. c5 Nh5 11. Nxd7 Qxd7 12. 0-0 Nxg3 13. fxg3 0-0-0 14. a4 h5 15. Be2 f5 16. a5 a6 17. b4 Rdf8 18. Na4 Qe7 19. Nb6+ Kb8 20. Qa4 Be8 21. Qa2 g5 22. Qd2 g4 23. Kf2 h4 24. Rh1 hxg3+ 25. hxg3 Rh7 26. Rad1 Rfh8 27. Qc1 Rh5 28. Bd3 Qh7 29. Rhg1 Rh2 30. Rdf1 Qh3 31. Ke2 Rxg2+ 32. Rxg2 Qxg2+ 33. Rf2 Qxg3 34. Rf1 Rh2+ 35. Kd1 Qh3 36. Na4 g3 37. Rg1 Rh1 38. Kc2 Qh2+ 39. Kb3 Qxg1 40. Qc3 Qxe3 41. Nb2 g2 42. Qc2 g1Q 43. Ka3 Qxd4 44. Kb3 Rh2 45. Qc3 Qxc3+ 46. Kxc3 Qc1+ 47. Kd4 Rh4+ 48. Be4 Rxe4+ 49. Kd3 Qxb2 50. b5 Qd4+ 51. Kc2 Qc4+ 52. Kb2 Be5+ 53. Kb1 Re1# 0-1